000 00635nam a2200181Ia 4500
008 151018s9999 xx 000 0 und d
082 _bRBASDV17702
_a891.463
100 _aश्रीनिवास कोचकर
245 _aसोन्याची साखळी
250 _b1
260 _bसुरस प्रकाशन पंजाब
_c1983
300 _a222
600 _aश्रीनिवास कोचकर
630 _aसोन्याची साखळी
700 _aश्रीनिवास कोचकर
730 _aसोन्याची साखळी
942 _cBOOK
999 _c1018380
_d1018377